Caractères et anecdotes de Chamfort texte revu sur les éditions originales et publié avec des notes et un index par Ad. van Bever

Detalles Bibliográficos
Autor principal: Chamfort, Sébastien Roch Nicolas, llamado, 1740 ?-1794
Otros Autores: Bever, Ad. van, com
Formato: Libro
Lenguaje:French
Publicado: Paris : les éditions G. Crès & cie. 21, rue Hautefeuille, 21, 1924.
Materias:
Colección:Banco de datos
Acervo:Universidad Autónoma Benito Juárez de Oaxaca. Biblioteca Francisco de Burgoa. Colección moderna
Descripción Física:LXX, 286 p., [1] h. ; 18 cm.
Tema general:Literatura francesa
Notas:Portada tipográfica con monograma del editor. Texto a renglón seguido con paginación en números arábigos y romanos, notas a pie de página y cornisas. Falta encuadernación. Sello en tinta de la Biblioteca General de la Universidad Benito Juárez de Oaxaca, Oax. Sello en tinta de Ars Vita
LEADER 01194nam a22001930004500
035 |a 1463 
041 0 |a fre 
100 1 |a Chamfort, Sébastien Roch Nicolas, llamado, 1740 ?-1794 
245 1 0 |a Caractères et anecdotes de Chamfort texte revu sur les éditions originales et publié avec des notes et un index par Ad. van Bever 
260 |a Paris : les éditions G. Crès & cie. 21, rue Hautefeuille, 21, 1924. 
300 |a LXX, 286 p., [1] h. ; 18 cm.  
500 |a Portada tipográfica con monograma del editor. Texto a renglón seguido con paginación en números arábigos y romanos, notas a pie de página y cornisas. Falta encuadernación. Sello en tinta de la Biblioteca General de la Universidad Benito Juárez de Oaxaca, Oax. Sello en tinta de Ars Vita  
504 |a Al final de la obra están el índice alfabético y el índice de contenido 
650 1 0 |a Literatura francesa  
700 1 |a Bever, Ad. van, com. 
852 |a Universidad Autónoma "Benito Juárez" de Oaxaca, Biblioteca Francisco de Burgoa, Colección moderna 22629 
942 |c BURMOD 
943 |g Universidad Autónoma Benito Juárez de Oaxaca. Biblioteca Francisco de Burgoa. Colección moderna 
999 |c 1125906  |d 1125906